Normal view
MARC view
- Muñoz Chereau, Bernardita,
Entry Nombre Personal
001 - NUMERO DE CONTROL
- campo de control: 33746
003 - IDENTIFICADOR DE NUMERO DE CONTROL
- campo de control: UPN
005 - FECHA Y HORA DE LA ÜLTIMA TRANSACCIÓN
- campo de control: 20210219194446.0
008 - DATOS DE LONGITUD FIJA
- campo de control de longitud fija: nabaccnnaabn|||||||||| b |nc|||||d
035 ## - NUMERO DE CONTROL
- Número de control: UPN11000005853
040 ## - FUENTE DE CATALOGACIÓN
- Lenguaje de catalogación: SPA
- Agencia de transcripción: UPN
053 #4 - NÚMERO DE CLASIFICACIÓN LC
- Número de clasificación elemento-número único o número inicial de tramo: PQ8098.23 U5.6
100 1# - ENCABEZAMIENTO - NOMBRE PERSONAL
- Nombre personal: Muñoz Chereau, Bernardita,
- Fechas asociadas con el nombre: 1975-
400 1# - VEÁSE - NOMBRE DE PERSONA
- Personal name: Muñoz, Bernardita,
- Dates associated with a name: 1975-
670 ## - FUENTE EN LA QUE SE LOCALIZARON DATOS
- Cita de la fuente: T
- Uniform Resource Identifier: http://www.educarchile.cl/Portal.Base/Web/VerContenido.aspx?ID=100298
680 ## - NOTA PUBLICA DE ACCESO PÚBLICO
- Frase explicativa de la referencia: Psicóloga Educacional, Magíster en Educación, ilustradora y escritora chilena
902 ## - CATALOGADOR
- Catalogador: MITM/190613
